Statistics for Star Wars Ship Names

Click here to take the quiz!

General Stats

  • This quiz has been taken 26 times
  • The average score is 4 of 7

Answer Stats

HintAnswer% Correct
Darth Vader's Star Destroyer in Return of the JediExecutor
76%
The Mon Calamari star cruiser used by the Rebel Alliance in Return of the JediHome One
76%
Kylo Ren's new TIE, which will be in The Last JediTIE Silencer
62%
This ship is seen at the end of Revenge of the Sith and the very beginning of A New HopeTantive 4
52%
The ship that Anakin and Ahsoka found on Teth and used many times after. It looks almost like a prototype B-Wing.Twilight
52%
The Star Destroyer seen at the very beginning of A New HopeDevastator
38%
The ship used by Galen Marek (a.k.a. Starkiller) in The Force UnleashedRogue Shadow
19%

Score Distribution

Percentile by Number Answered

Percent of People with Each Score

Your Score History

You have not taken this quiz